Quizz sur Londres ! (Facile) - Statistiques

Statistiques générales
  • Ce quiz a été pris 101 fois
  • Le résultat moyen est 5 sur 12
Statistiques - réponses
Indice Réponse % Correct
Résidence Royale située au centre de la ville Buckingham
86%
Fleuve traversant la ville La Tamise
85%
Gare londonienne portant également le nom d'un célèbre ours Paddington
60%
Méridien correspondant à la longitude 0° Greenwich
49%
Nombre de club de football professionnels 13
40%
Grand magasin de luxe situé dans le quartier de Knightsbridge Harrods
33%
Année du Grand Feu de Londres 1666
30%
Rappeur londonien originaire de l'ouest de la ville Central Cee
25%
Résidence du Premier ministre britannique Downing
20%
Nom de la ville à l'époque romaine Londinium
16%
Bâtiment le plus haut de la ville The Shard
13%
Pus vieux club de foot professionnel Fulham
11%
Aucun quiz correspondant
Distribution des résultats
% des personnes avec chaque résultat
Percentile par nombre de réponses
Votre historique - résultats
Vous n’avez pas pris ce quiz